| 000 | 00452 a2200121 4500 | ||
|---|---|---|---|
| 245 |
_aWho's who in the ancient world _hprint |
||
| 020 | _a0812813383 | ||
| 005 | 20191021100234.0 | ||
| 260 |
_anyu _bStein and Day _c[1971] |
||
| 084 | _aDE7 .R33 1971 | ||
| 300 |
_axlvi, 225 p. illus., maps (on lining papers) 27 cm _bxlvi, 225 p. illus., maps (on lining papers) 27 cm _cxlvi, 225 p. illus., maps (on lining papers) 27 cm |
||
| 500 | _aBibliography: p. xlvi. | ||
| 999 |
_c13245 _d13245 |
||